| 000 | 00685nam a2200241Ia 4500 | ||
|---|---|---|---|
| 003 | OSt | ||
| 005 | 20220925213714.0 | ||
| 006 | a|||||r|||| 00| 0 | ||
| 007 | ta | ||
| 008 | 220923b |||||||| |||| 00| 0 eng d | ||
| 037 | _cGeneral Book | ||
| 040 |
_aRTL _cRTL _beng |
||
| 041 |
_2eng _aeng |
||
| 082 | _aB286, N3 | ||
| 100 |
_aSubba Rao T Ed. _9278878 |
||
| 245 | 0 |
_aDevelopments in time series analysis _b In honour of |
|
| 260 |
_aLondon _bChapman and Hall _c1993 |
||
| 300 |
_axxiii, 433P _ccm. |
||
| 500 | _aBibliography chapterwise | ||
| 650 | _aTime Series Analysis | ||
| 942 |
_hB286, N3 _cGB _2CC |
||
| 999 |
_c563509 _d563509 |
||